| 000 | 00417nam a22001577a 4500 | ||
|---|---|---|---|
| 005 | 20251128183535.0 | ||
| 008 | 251128b |||||||| |||| 00| 0 eng d | ||
| 020 | _a0-13-232049-5 | ||
| 100 | _aLIANG, Y DANIEL | ||
| 245 | _aINTRODUCTION TO C++ PROGRAMMING | ||
| 260 |
_aNEW JERSY _bPEARSON PRENTICE HALL _c2007 |
||
| 300 | _aXVII47P.:ILL | ||
| 500 | _aINCLUDES INDEX | ||
| 650 | _aPROGRAMMING | ||
| 942 |
_2lcc _cBK |
||
| 999 |
_c216313 _d216313 |
||